01307 2200241 4500001002100000005001500021035002000036008004100056020001800097041000800115082001200123084001800135100001700153245009200170260005100262300002600313500002000339520057800359650002600937650005000963990002601013990002601039INLIS00000000000185820221031041953 a0010-0520001858221031 | | eng  a0-521-60736-1 aeng a342.472 a342.472 ALB e0 aAlbi, Anneli1 aEU Enlargement and the Constitutions of Central and Eastern Europe 07366 /cAnneli Albi aCambridge :bCambridge University Press,c2005 a257p.; 23cm. ;c23cm. aIndeks : Indeks aIn the wake of the EU's greatest enlargement, this book explores the adaptation of the constitutions of Central and Eastern Europe (CEE) for membership in the European Union. In response to the painful past, these new constitutions were notably closed to transfer of powers to international organizations, and accorded a prominent status to sovereignty and independence. A little more than a decade later, the process of amending these provisions in view of the transfer of sovereign powers to a supranational organization has proved a sensitive and controversial exercise. 4a1. Constitutional Law 4a2. Europe, Eastern - European Union Countries a07366/MKRI-P/XII-2007 a07366/MKRI-P/XII-2007